| 000 -CABECERA |
| campo de control de longitud fija |
00678nam a2200193 u 4500 |
| 001 - NÚMERO DE CONTROL |
| campo de control |
000055249 |
| 005 - FECHA Y HORA DE LA ÚLTIMA TRANSACCIÓN |
| campo de control |
20200120223033.0 |
| 008 - DATOS DE LONGITUD FIJA--INFORMACIÓN GENERAL |
| campo de control de longitud fija |
110301s1973 ag g fr 000 0 spa d |
| 041 0# - CÓDIGO DE LENGUA |
| Código de lengua del texto/banda sonora o título independiente |
* spa |
| 082 04 - NÚMERO DE LA CLASIFICACIÓN DECIMAL DEWEY |
| Número de clasificación |
787.36 |
| Número de documento/Ítem |
B87 |
| Número de edición |
21 |
| 100 1# - ENTRADA PRINCIPAL--NOMBRE DE PERSONA |
| Nombre de persona |
Bures, Eugenio J. |
| 245 10 - MENCIÓN DE TÍTULO |
| Título |
Escalas y arpegios [música impresa] / |
| Mención de responsabilidad, etc. |
Eugenio J. Bures. |
| 250 ## - MENCIÓN DE EDICIÓN |
| Mención de edición |
14a. ed. |
| 260 ## - PUBLICACIÓN, DISTRIBUCIÓN, ETC. |
| Lugar de publicación, distribución, etc. |
Buenos Aires (Argentina) : |
| Nombre del editor, distribuidor, etc. |
Ricordi Americana, |
| Fecha de publicación, distribución, etc. |
1973. |
| 300 ## - DESCRIPCIÓN FÍSICA |
| Extensión |
1 partitura (32 p.) : |
| Otras características físicas |
il. |
| 490 0# - MENCIÓN DE SERIE |
| Mención de serie |
Los grandes clasicos para los pequeños pianistas |
| 650 17 - PUNTO DE ACCESO ADICIONAL DE MATERIA--TÉRMINO DE MATERIA |
| Término de materia o nombre geográfico como elemento de entrada |
Música para flauta dulce |
| Subdivisión general |
Enseñanza |
| Subdivisión de forma |
Estudios y ejercicios |
| -- |
Partituras |
| Fuente del encabezamiento o término |
LEMB. |
| 650 27 - PUNTO DE ACCESO ADICIONAL DE MATERIA--TÉRMINO DE MATERIA |
| Término de materia o nombre geográfico como elemento de entrada |
Flauta dulce |
| Subdivisión de forma |
Estudios y ejercicios |
| Fuente del encabezamiento o término |
LEMB. |